000 00391nam a2200145Ia 4500
008 100122s9999 xx 000 0 und d
082 _b58789
_a823.08
100 _aशिंत्रे किशोर
245 _aशर्यत
260 _bमेनका प्रकाशन
_c2000
300 _a168
630 _aशर्यत
730 _aशर्यत
942 _cBOOK
999 _c434565
_d434562